000 00257nam a2200109Ia 4500
005 20251222175933.0
008 251222s9999||||xx |||||||||||||| ||spa||
082 _a657/V39
100 _aVela Pastor, Manuel
245 0 _aManual de Contabilidad
942 _cLIB
999 _c41100
_d41100